Представление документа в формате MARC21

ПолеНазваниеЗначение
  Тип записи m
  Библиографический уровень m
001 Контрольный номер 4a4c1b8297164829a320e8de0e57d74d
005 Дата корректировки 20260625161542.7
040 Источник каталогиз. __
b Код языка каталог. rus
e Правила каталог. PSBO
041 Код языка издания 0_
a Код языка текста rus
080 Индекс УДК __
a Индекс УДК 796:061.2/.3
090 Шифры __
c Каталожный индекс 796:061.2/.3
x Авторский знак С 734
245 Заглавие 10
a Заглавие Спортивные игры: настоящее и будущее. Комплексный контроль в спортивных играх
b Продолж. заглавия материалы 15-й научно-практической конференции с международным участием кафедры теории и методики спортивных игр НГУ им. П.Ф. Лесгафта, Санкт-Петербург (26-27 мая 2026 года)
c Ответственность Национальный государственный университет физической культуры, спорта и здоровья им. П.Ф. Лесгафта, Санкт-Петербург
c Ответственность редакционная группа: Б. Е. Лосин, Т. И. Князева, М. А. Сергазинова
n Номер части/ раздела Вып. 15
256 Характеристики компьютерного файла __
a Характеристики компьютерного файла Электрон. текстовые дан. (1 файл : 2,26 МБ)
260 Выходные данные __
a Место издания Санкт-Петербург
b Издательство НГУ им. П.Ф. Лесгафта
c Дата издания 2026
300 Физическое описание __
a Объем Электрон. дан. (1 файл)
336 Вид содержания __
a Термин вида содержания Текст
337 Средство доступа __
a Термин типа средства электронный
500 Примечания __
a Примечание Режим доступа: Электронный каталог библиотеки. - Загл. с титула экрана. - Электрон. копия печ. версии
504 Библиография __
a Библиография Библиогр. в конце ст.
520 Аннотация 0_
a Аннотация Сборник содержит работы специалистов в области спортивных игр. В представленных материалах рассматриваются вопросы техникотактической и физической подготовки спортсменов, а также медикобиологические и психологические аспекты.
521 Примеч. о цел. назн. 0_
c Направление 5.8.4. Физическая культура и профессиональная физическая подготовка; 5.8.5 Теория и методика спорта
e Дисциплина Физическая культура и профессиональная физическая подготовка; Теория и методика спорта
650 Тематические рубрики 14
a Предметная рубрика ФИЗКУЛЬТУРА И СПОРТ
650 Тематические рубрики 14
a Предметная рубрика ТРУДЫ СОТРУДНИКОВ
650 Тематические рубрики 04
a Предметная рубрика ЭЛЕКТРОННАЯ БИБЛИОТЕКА
653 Ключевые слова 1_
a Ключевые слова СПОРТИВНЫЕ ИГРЫ; ТЕХНИКО-ТАКТИЧЕСКАЯ ПОДГОТОВКА; ФИЗИЧЕСКАЯ ПОДГОТОВКА; МЕДИКО-БИОЛОГИЧЕСКИЕ ВОПРОСЫ СПОРТА; СОРЕВНОВАТЕЛЬНАЯ ДЕЯТЕЛЬНОСТЬ; СПОРТСМЕНЫ ВЫСОКОЙ КВАЛИФИКАЦИИ; ЮНОШЕСКИЙ СПОРТ; ПСИХОЛОГИЯ СПОРТА
700 Другие авторы 1_
a Другие авторы Лосин Б.Е.
e Роль лиц Редактор
700 Другие авторы 1_
a Другие авторы Сергазинова М.А.
e Роль лиц Редактор
700 Другие авторы 12
a Другие авторы Князева Т.И.
e Роль лиц Редактор
900 Макрообъекты __
a Имя макрообъекта Спортивные игры_настоящее и будущее_2026 (020583)
901 Тип документа __
t Тип документа m
952 Тип литературы __
a Тип литературы для КСУ ВШ ЭКН
999 Фонд __
a Фонд тип./2026/июнь ЭР